|
|
|
|
| LEADER |
00000nab a2200000 a 4500 |
| 001 |
vtls009154486 |
| 003 |
SK-MaSNL |
| 005 |
20260303064048.0 |
| 008 |
071029 2008 xo w 000 0 slo |
| 038 |
|
|
|a LVTK
|
| 040 |
|
|
|a LVTK
|b slo
|e ACCR2
|c LVTK
|
| 041 |
|
|
|a slo
|
| 044 |
|
|
|a xo
|c SK
|
| 080 |
|
|
|a 93/94
|x (437.6)
|2 2001
|
| 100 |
1 |
|
|a Braunová, Oľga
|4 aut
|9 1032628
|
| 245 |
1 |
0 |
|a K výročiu oslobodenia Levíc
|c Oľga Braunová
|
| 300 |
|
|
|b Fotogr.
|
| 650 |
0 |
7 |
|a oslobodenie
|2 lvtk
|9 335648
|
| 650 |
0 |
7 |
|a dejiny
|2 snkph
|9 3825
|
| 650 |
0 |
7 |
|a pietne spomienky
|2 lvtk
|9 70960
|
| 651 |
|
7 |
|a Levice (Slovensko)
|2 snkph
|9 55713
|
| 773 |
0 |
|
|t Prima
|g Roč. 16, č. 2 (2008), s. 2
|x 1336-3697
|
| 852 |
|
|
|a LVTK
|b KIS3GCP
|
| 999 |
|
|
|c 1745577
|d 1747507
|